01050nas a2200301 4500001001300000003000900013005001700022007000300039008003400042040005400076041000900130072001300139100002900152100002000181100002200201100001600223100001600239245006300255650001400318650002300332650001700355773008000372856007700452909004000529942001800569999001900587952014200606BR2022000976BR-BrBNA20231205132327.0ta230509b bl.|||p| |||| 00| 00por d aBR-BrBNAbporcBiblioteca Nacional de Agricultura a(En) aH50; H601 aBarcellos Júnior, L.H.1 aPereira, G.A.M.1 aGonçalves, V.A.1 aMatos, C.C.1 aSilva, A.A.1 aDifferential tolerance of sugarcane cultivars to clomazone aHERBICIDA aCANA DE AÇÚCAR aERVA DANINHA0 tPlanta Daninha (Brazil)xISSN 1806-9681g(2017), v. 35 p. 1-8wBR202200097640uhttps://www.scielo.br/j/pd/a/wbfHQQk8xQzvDCFNPn9Sdkq/?format=pdf lang=en a202311bLúciac55dLúcia Elande 2AGRISn0cANA c259722d259722 002AGRIS4071a41918b41918cPeriódicos Agrícolash(2017), v. 35 p. 1-8l0r2023-11-29t01yCRePortaria Interministerial nº 164/94